书目信息 |
| 题名: |
荒野求生科普漫画书
|
|
| 作者: | ;柳大永 , 異正泰 , 曾思齐 改编 ;SBS金炳万的丛林法则制作团队 原著 | |
| 分册: | 2 马达加斯加寻宝记 | |
| 出版信息: | 武汉 长江少年儿童出版社 2021.08 |
|
| 页数: | 214页 | |
| 开本: | 24cm | |
| 丛书名: | ||
| 单 册: | ||
| 中图分类: | G895-49 , J238.2(312.6) | |
| 科图分类: | ||
| 主题词: | 野外--生存--少年读物 , 漫画--连环画--韩国--现代 | |
| 电子资源: | ||
| ISBN: | 978-7-5560-2126-0 | |
| 000 | 00989nam0 2200277 450 | |
| 001 | 012001002808 | |
| 005 | 20221208090008.42 | |
| 010 | @a978-7-5560-2126-0@dCNY32.00 | |
| 100 | @a20220905d2015 cemy0chiy50 ea | |
| 101 | 1 | @achi@ckor |
| 102 | @aCN@b420000 | |
| 105 | @aa t 000yy | |
| 106 | @ar | |
| 200 | 1 | @a荒野求生科普漫画书@Ahuang ye qiu sheng ke pu man hua shu@h2@i马达加斯加寻宝记@fSBS金炳万的丛林法则制作团队原著@g(韩)柳大永改编@g(韩)異正泰绘@g曾思齐译 |
| 210 | @a武汉@c长江少年儿童出版社@d2021.08 | |
| 215 | @a214页@d24cm | |
| 606 | 0 | @a野外@x生存@j少年读物 |
| 606 | 0 | @a漫画@x连环画@y韩国@z现代 |
| 690 | @aG895-49@v5 | |
| 690 | @aJ238.2(312.6)@v5 | |
| 702 | 0 | @c(韩)@a柳大永@Aliu da yong@4改编 |
| 702 | 0 | @c(韩)@a異正泰@Ayi zheng tai@4绘 |
| 702 | 0 | @a曾思齐@Azeng si qi@c(韩国语)@4译 |
| 711 | 02 | @aSBS金炳万的丛林法则制作团队@ASBS jin bing wan de cong lin fa ze zhi zuo tuan dui@4原著 |
| 801 | 0 | @aCN@bAHXH@c20221111 |
| 905 | @b1375124-8@dG895-49@e545:2@f5 | |
| 荒野求生科普漫画书.2.马达加斯加寻宝记/SBS金炳万的丛林法则制作团队原著/(韩)柳大永改编/(韩)異正泰绘/曾思齐译.-武汉:长江少年儿童出版社,2021.08 |
| 214页;24cm |
| ISBN 978-7-5560-2126-0:CNY32.00 |
| ● |
| 相关链接 |
|
|
|
|
正题名:荒野求生科普漫画书
索取号:G895-49/545:2
 
预约/预借
| 序号 | 登录号 | 条形码 | 馆藏地/架位号 | 状态 | 备注 |
| 1 | 1375124 | 213751242 | 第一样本阅览室/ [索取号:G895-49/545:2] | 在馆 | |
| 2 | 1375125 | 213751251 | 教育系资料室/ [索取号:G895-49/545:2] | 在馆 | |
| 3 | 1375126 | 213751260 | 教育系资料室/ [索取号:G895-49/545:2] | 在馆 | |
| 4 | 1375127 | 213751279 | 第四借阅区/ [索取号:G895-49/545:2] | 在馆 | |
| 5 | 1375128 | 213751288 | 第四借阅区/ [索取号:G895-49/545:2] | 在馆 |